|
|
|
|
| LEADER |
00000cam a2200000 7i4500 |
| 001 |
0000278405 |
| 005 |
20200922103142.0 |
| 020 |
|
|
|a 9789679422283
|
| 090 |
0 |
0 |
|a 297.61
|b ULA
|
| 245 |
0 |
0 |
|a Ulama silam dalam kenangan
|c disunting oleh; Ismail Mat
|
| 260 |
|
|
|a Bangi :
|b Penerbit Universiti Kebangsaan Malaysia ,
|c 2014
|
| 300 |
|
|
|a 202p. ;
|c 23cm.
|
| 650 |
|
0 |
|a Islam
|z Malaysia
|x Functionaries
|v Biography
|
| 650 |
|
0 |
|a Scholars, Muslim
|z Malaysia
|x Biography
|
| 650 |
|
0 |
|a Ulama
|z Malaysia
|x Biography
|
| 700 |
0 |
|
|a Ismail Mat
|
| 999 |
|
|
|a 00384644
|b BUKU
|c PINJAMAN
|e PERPUSTAKAAN KOMUNITI PETALING JAYA
|